000 00695nam a2200241Ia 4500
003 OSt
005 20220927105552.0
006 a|||||r|||| 00| 0
007 ta
008 220926b |||||||| |||| 00| 0 eng d
024 _a184330
037 _cReference Collections
040 _aRTL
_cRTL
_beng
041 _2eng
_aeng
082 _a"X:8Hx.N77, L7"
100 _aLAW Peter J
_9373423
245 0 _aSales and profit-imput rations in the firms objective functions.
260 _aEngland
_bUniversity of Warwick
_c1977
300 _av.p.
_ccm.
490 _aResearch paper;116
942 _h"X:8Hx.N77, L7"
_cCC
999 _c693180
_d693180